000 00954nam a22002177a 4500
999 _c2013
_d2013
003 AR-CdUCM
008 190228b ||||| |||| 00| 0 spa d
040 _aMUNICIPALIDAD PROVINCIAL DEL CUSCO
_cBIBLIOTECA MUNICIPAL DEL CUSCO
082 _a338.54 /
_bIG37
100 _aIguiñiz Echevarria, Javier
_97318
245 _aDesde la crisis economica peruana :
_bEstrategia de desarrollo y política económica /
_cJavier Iguiñiz
260 _aLima :
_bTarea, Centro de Publicaciones Educativas,
_c1981.
300 _a295 paginas ;
_c16 cm.
505 _aEstructura económica y crisis -- Política económica de estabilización -- Alternativa de desarrollo y elecciones -- Economía internacional e imperialismo -- Continuidad bajo el nuevo régimen ...
650 _aCrisis económica
_96402
650 _aDesarrollo económico y política
_97319
650 _aEconomía
_9382
650 _aPerú
_935
942 _2ddc
_cLIBROS
945 _aacv
_d2019-02-28